US States by Coastline - Statistics

General Stats
  • This quiz has been taken 35 times
  • The average score is 9 of 10
Answer Stats
Coastline State % Correct
6,640 mi (10,690 km) Alaska
97%
840 mi (1,350 km) California
97%
1,350 mi (2,170 km) Florida
97%
750 mi (1,210 km) Hawaii
97%
367 mi (591 km) Texas
90%
228 mi (367 km) Maine
87%
301 mi (484 km) North Carolina
87%
296 mi (476 km) Oregon
87%
397 mi (639 km) Louisiana
73%
192 mi (309 km) Massachusetts
67%
No matching quizzes found
Score Distribution
Percent of People with Each Score
Percentile by Number Answered
Your Score History
You have not taken this quiz